| 000 | 00000nam 2200000za 4500 |
| 001 | 9.676814 |
| 003 | CaOODSP |
| 005 | 20250411094445 |
| 007 | cr ||||||||||| |
| 008 | 150407|1985||||xxc|||||o f|0| 0 fre d |
| 040 | |aCaOODSP|bfre |
| 041 | |aeng |
| 041 | |afre |
| 043 | |an-cn--- |
| 086 | 1 |aYX45-1/1985-PDF |
| 110 | 1 |aCanada.|bStatuts. |
| 245 | 10|aLois révisées du Canada (1985). Table de concordance / |h[ressource électronique]|c[publ. par] Imprimeur de la reine pour le Canada. |
| 260 | |aOttawa - Ontario : |bStatuts |cc1985. |
| 300 | |a388p.|btableaux |
| 500 | |a« Révision réalisée sous le régime de la Loi sur la révision des lois »--p.2 de 388. |
| 590 | |a14-22-Supp|b2014-12-24 |
| 691 | 07|aLégislation|2gcpds |
| 691 | 07|aDroit|2gcpds |
| 691 | 07|aIndex|2gcpds |
| 776 | 0#|tRevised Statutes of Canada, 1985, Table of concordance |w(CaOODSP)9.652959 |
| 791 | |tRevised Statutes of Canada, 1985. Table of concordance / |eeng|w(CaOODSP)9.676813 |
| 856 | 40|ahttp://publications.gc.ca|qPDF|s3.24 Mo|uhttps://publications.gc.ca/collections/collection_2014/lois-statutes/YX45-1-1985.pdf |